000 00219nam a22000857a 4500
008 160915b xxu||||| |||| 00| 0 eng d
100 _9532
_aChandra.R.
245 _aMathematics-6
260 _aNew Delhi
_bAPC. Publications
_c2011
999 _c3189
_d3189